[Event "Koblenz-ch"]
[Site "Koblenz"]
[Date "1997.??.??"]
[Round "4"]
[White "Sefeloge, Michael"]
[Black "Matriciani, Ruediger"]
[Result "0-1"]
[WhiteElo "1830"]
[BlackElo "1975"]

1.e4 e6 2.d4 d5 3.Nc3 Nf6 4.e5 Nfd7 5.Nf3 c5 6.Be3 Nc6 7.Bb5 a6 8.Bxc6 bxc6
9.dxc5 Qa5 10.O-O Rb8 11.Rb1 Bxc5 12.Bxc5 Qxc5 13.Re1 Qa5 14.Nd4 Qc7 15.Qg4 O-O
16.Nxe6 fxe6 17.Qxe6+ Kh8 18.Qe7 Qd8 19.Qd6 Bb7 20.Na4 Ba8 21.e6 Nf6 22.Qxd8 Rfxd8
23.e7 Re8 24.Nc5 a5 25.Nb3 Rb7 26.Nxa5 Rbxe7 27.Rxe7 Rxe7 28.Kf1 Ne4 29.Rd1 Nf6
30.f3 Kg8 31.Nb3 Nd7 32.Rd4 c5 33.Ra4 Bc6 34.Ra7 Kf8 35.a4 d4 36.Kf2 Bd5
37.Nc1 Ne5 38.Ra5 Bc6 39.b3 c4 40.bxc4 Nxc4 41.Rc5 Ne5 42.a5 Bb7 43.h3 Ba6
44.f4 d3 45.cxd3 Nxd3+ 46.Nxd3 Bxd3 47.g3 Kf7 48.h4 Ke6 49.g4 Kd6 50.Rc3 Ba6
51.Rb3 Rb7 52.Re3 Rb2+ 53.Kg3 Ra2 54.Re5 Bb7 55.Rb5 Bc6 56.Rg5 g6 57.h5 gxh5
58.Rxh5 Rg2+ 59.Kh3 Rg1 60.Rg5 Bd5 61.Rg7 Kc5 62.a6 Kd4 63.a7 Ke3 64.g5 Kf3
65.Kh2 Kf2 66.Kh3 Bf3 67.a8=Q Rh1+  0-1

[Event "RUS-chJM op"]
[Site "Kolontaevo"]
[Date "1997.??.??"]
[Round "?"]
[White "Bigaliev, Renat"]
[Black "Iljushin, Alexei"]
[Result "1/2-1/2"]
[WhiteElo "2480"]
[BlackElo "2410"]

1.e4 e6 2.Nc3 d5 3.d4 Nf6 4.e5 Nfd7 5.f4 c5 6.Nf3 Nc6 7.Be3 cxd4 8.Nxd4 Bc5
9.Qd2 Bxd4 10.Bxd4 Nxd4 11.Qxd4 Qb6 12.Qxb6 Nxb6 13.O-O-O Bd7 14.Bd3 h5 15.Ne2 a6
16.Nd4 g6 17.b3 Ke7 18.Rhf1 Nc8 19.Rf3 Na7 20.Be2 Rhc8 21.Kb2 Rc5 22.Rdd3 Nb5
23.a4 Nxd4 24.Rxd4 Rac8 25.Bd3 a5 26.Rf2 b5 27.axb5 Bxb5 28.Bxb5 Rxb5 29.Rfd2 Rbc5
30.Ra4 Rb8 31.Rd3 Rbc8 32.c3 R8c7 33.g3 Rb7 34.Kc2 Rcb5 35.Ra3 Rc7 36.Ra4 Rcb7  1/2-1/2

[Event "Cassovia op"]
[Site "Kosice"]
[Date "1997.??.??"]
[Round "?"]
[White "Cherevatenko, Roman"]
[Black "Pcola, Pavel"]
[Result "1/2-1/2"]
[WhiteElo "2395"]
[BlackElo "2445"]

1.e4 e6 2.d4 d5 3.Nc3 Nf6 4.e5 Nfd7 5.f4 c5 6.Nf3 Nc6 7.Be3 a6 8.Qd2 b5 9.dxc5 Bxc5
10.Bxc5 Nxc5 11.Qf2 Qb6 12.Bd3 b4 13.Ne2 a5 14.O-O Ba6 15.Kh1 Bxd3 16.cxd3 Rb8
17.f5 exf5 18.Nf4 Ne7 19.Rac1 Ne6 20.Nxe6 fxe6 21.Qxb6 Rxb6 22.Rc7 Rc6 23.Ra7 Kf7
24.Ng5+ Kg6 25.Nf3 Kf7 26.Ng5+ Kg6 27.Nf3  1/2-1/2

[Event "RUS-Cup6"]
[Site "Krasnodar"]
[Date "1997.??.??"]
[Round "3"]
[White "Zhelnin, Vladimir V"]
[Black "Kiseleva, Natalia"]
[Result "1-0"]
[WhiteElo "2475"]
[BlackElo "2350"]

1.e4 e6 2.d4 d5 3.Nc3 Nf6 4.e5 Nfd7 5.Nf3 c5 6.dxc5 Nc6 7.Bf4 Bxc5 8.Bd3 f6
9.exf6 Nxf6 10.O-O O-O 11.Ne5 Qe8 12.Nxc6 bxc6 13.Na4 Be7 14.Be5 Nd7 15.Bg3 e5
16.c4 Qf7 17.cxd5 cxd5 18.Rc1 Nb6 19.Bxe5 Nc4 20.Bd4 Bd7 21.Nc5 Bxc5 22.Bxc5 Nxb2
23.Bxh7+ Kxh7 24.Qc2+ Bf5 25.Qxb2 Rfe8 26.Rfd1 Re6 27.f3 Rae8 28.Bf2 Rg6
29.Bg3 Re7 30.Rd2 Rb6 31.Qd4 Rb5 32.a4 Ra5 33.Bd6 Rb7 34.Qh4+ Kg6 35.g4 Bd7
36.Be5  1-0

[Event "RUS-Cup6"]
[Site "Krasnodar"]
[Date "1997.??.??"]
[Round "7"]
[White "Tseshkovsky, Vitaly"]
[Black "Kobylkin, Evgeni"]
[Result "1-0"]
[WhiteElo "2510"]
[BlackElo "2385"]

1.e4 e6 2.d4 d5 3.Nc3 Nf6 4.e5 Nfd7 5.f4 c5 6.Nf3 Nc6 7.Be3 a6 8.Qd2 cxd4
9.Nxd4 Bc5 10.O-O-O Bxd4 11.Bxd4 b5 12.h4 b4 13.Ne2 a5 14.Kb1 Ba6 15.Be3 Nb6
16.b3 Nd7 17.h5 h6 18.Nd4 Nxd4 19.Bxd4 Qc7 20.g4 Bxf1 21.Rhxf1 Nc5 22.Bxc5 Qxc5
23.f5 O-O-O 24.fxe6 fxe6 25.Qd3 Qc6 26.Rf7 Rhf8 27.Rxg7 Rf2 28.g5 Rdf8 29.gxh6 R2f3
30.Qxf3 Rxf3 31.h7  1-0

[Event "RUS-Cup7"]
[Site "Kstovo"]
[Date "1997.??.??"]
[Round "5"]
[White "Dolmatov, Sergey"]
[Black "Volkov, Sergey"]
[Result "1/2-1/2"]
[WhiteElo "2560"]
[BlackElo "2480"]

1.e4 e6 2.d4 d5 3.Nc3 Nf6 4.e5 Nfd7 5.f4 c5 6.Nf3 Nc6 7.Be3 cxd4 8.Nxd4 Qb6
9.Qd2 Qxb2 10.Rb1 Qa3 11.Bb5 Ndb8 12.f5 Bb4 13.Rb3 Qa5 14.O-O exf5 15.Rfb1 f4
16.Rxb4 fxe3 17.Qxe3 O-O 18.Bxc6 Nxc6 19.Rb5 Qa6 20.Rxd5  1/2-1/2

[Event "Leeuwarden op"]
[Site "Leeuwarden"]
[Date "1997.??.??"]
[Round "2"]
[White "Wiersma, Eelke"]
[Black "Ulibin, Mikhail"]
[Result "0-1"]
[WhiteElo "2300"]
[BlackElo "2535"]

1.e4 e6 2.d4 d5 3.Nc3 Nf6 4.e5 Nfd7 5.f4 c5 6.Nf3 Qb6 7.Be3 a6 8.Na4 Qa5+
9.c3 cxd4 10.b4 Qc7 11.Qxd4 a5 12.b5 b6 13.Be2 Nc5 14.O-O Nbd7 15.Nb2 a4
16.f5 a3 17.Nd3 Ne4 18.fxe6 fxe6 19.Nf4 Ndc5 20.c4 Ra4 21.Rac1 Qd7 22.Rfd1 dxc4
23.Bxc4 g5 24.Nh5 Qxd4 25.Rxd4 Be7 26.Ng7+ Kf7 27.Nf5 Rxc4 28.Nh6+ Kg6 29.Rcxc4 Kxh6
30.Rxe4 Nxe4 31.Rxe4 Bb7 32.Rc4 Bd5 33.Rc7 Bd8 34.Rd7 Kg6 35.Bc1 g4 36.Nd4 Bg5
37.Bxg5 Kxg5 38.Ra7 Rc8 39.Rxa3 Rc4 40.Rd3 Rc1+ 41.Kf2 Bxa2 42.Kg3 h5 43.h4+ gxh3
44.gxh3 h4+ 45.Kf2 Bd5 46.Ra3 Rb1 47.Ra6 Kf4 48.Ne2+ Kxe5 49.Rxb6 Rb2 50.Ke3 Rb3+
51.Kf2 Rf3+ 52.Ke1 Rxh3 53.Rb8 Rb3 54.Rh8 Rb4 55.Kf2 Kf5 56.Rf8+ Kg4 57.Rg8+ Kh3
58.Ke3 Rxb5 59.Nf4+ Kh2 60.Nxd5 exd5 61.Kf2 h3 62.Rd8 d4 63.Rxd4 Rf5+ 64.Ke2 Kg3
65.Rd3+ Kg2 66.Rd8 Re5+  0-1

[Event "Coulsdon"]
[Site "London"]
[Date "1997.??.??"]
[Round "6"]
[White "Timmermans, Ivo"]
[Black "Wall, Tim"]
[Result "1/2-1/2"]
[WhiteElo "2250"]
[BlackElo "2305"]

1.e4 e6 2.d4 d5 3.Nc3 Nf6 4.e5 Nfd7 5.f4 c5 6.Nf3 Nc6 7.Be3 cxd4 8.Nxd4 Bc5
9.Qd2 O-O 10.O-O-O a6 11.h4 Bxd4 12.Bxd4 b5 13.Rh3 Qa5 14.Kb1 b4 15.Ne2 Nc5
16.Bxc5 Qxc5 17.Nd4 a5 18.Rg3 Ba6 19.Nxc6 Qxc6 20.Bxa6 Qxa6 21.Re1 Rac8 22.h5 h6
23.f5 exf5 24.e6 Qd6 25.exf7+ Rxf7 26.Rg6 Qc5 27.Rge6 Rfc7 28.Re8+ Rxe8 29.Rxe8+ Kh7
30.b3 Qc3 31.Qe2 d4 32.Rh8+  1/2-1/2

[Event "CRO-chT2"]
[Site "Medulin"]
[Date "1997.??.??"]
[Round "?"]
[White "Zivkovic, Vjekoslav"]
[Black "Bozanic, Ivica"]
[Result "1/2-1/2"]
[WhiteElo "2240"]
[BlackElo "2305"]

1.e4 e6 2.d4 d5 3.Nc3 Nf6 4.e5 Nfd7 5.f4 c5 6.Nf3 Nc6 7.Be3 a6 8.Qd2 b5 9.Qf2 Qb6
10.Bd3 cxd4 11.Nxd4 Nxd4 12.Bxd4 Bc5 13.Ne2 Ra7 14.O-O Rc7 15.b4 Bxd4 16.Nxd4 f6
17.exf6 Nxf6 18.Nb3 Qd6 19.Qd4 O-O 20.Rae1 Re7 21.Nc5 Nd7 22.Nxd7 Bxd7 23.Re5 Ref7
24.Rf3 Rf6 25.Rh3 h6 26.Rf3 Be8 27.c3 Bg6 28.Bxg6 Rxg6 29.f5 Rxf5 30.Rexf5 exf5
31.Rxf5 Rg5  1/2-1/2

[Event "Mehlingen op"]
[Site "Mehlingen"]
[Date "1997.??.??"]
[Round "2"]
[White "Barthel, Ansgar"]
[Black "Schramenko, Andreas"]
[Result "1-0"]
[WhiteElo "2230"]
[BlackElo "1920"]

1.e4 e6 2.d4 d5 3.Nc3 Nf6 4.e5 Nfd7 5.f4 c5 6.Nf3 Nc6 7.Be3 Qb6 8.Qd2 Qxb2
9.Rb1 Qa3 10.Nb5 Qxa2 11.Rc1 Rb8 12.dxc5 Bxc5 13.Bxc5 Nxc5 14.Nd6+ Ke7 15.Be2 Qa5
16.Qxa5 Nxa5 17.O-O b6 18.Nd4 f5 19.c4 Ncb3 20.Nxb3 Nxb3 21.Rc3 dxc4 22.Nxc4 Nc5
23.Ra1 Rb7 24.Bf3 Rc7 25.Rca3 a6 26.Nxb6 Bb7 27.Rc1 Bxf3 28.Rxf3 Rb8 29.Na4 Rb5
30.Rfc3 Rb4 31.Nxc5 Rxf4 32.Nxa6 Rxc3 33.Rxc3 Re4 34.Rc7+ Kf8 35.Nc5  1-0

[Event "Mehlingen op"]
[Site "Mehlingen"]
[Date "1997.??.??"]
[Round "4"]
[White "Schmaltz, Roland"]
[Black "Simon, Holger"]
[Result "1-0"]
[WhiteElo "2430"]
[BlackElo "2095"]

1.e4 e6 2.d4 d5 3.Nc3 Nf6 4.e5 Nfd7 5.f4 c5 6.Nf3 Nc6 7.Be3 a6 8.Qd2 b5 9.dxc5 Bxc5
10.Bxc5 Nxc5 11.Qf2 Qb6 12.Bd3 b4 13.Ne2 a5 14.O-O Ba6 15.Kh1 Ne7 16.Ng3 Bxd3
17.cxd3 Rb8 18.Nh5 Rg8 19.Rad1 Nd7 20.Nd4 g6 21.Ng3 Kf8 22.Nge2 h5 23.h3 Kg7
24.g4 hxg4 25.hxg4 Rh8+ 26.Kg2 Nc6 27.Nxc6 Qxc6 28.Nd4 Qb6 29.Rc1 Rh6 30.Nf3 Qxf2+
31.Rxf2 Rhh8 32.Rc7 Rhd8 33.Nd4 Nf8 34.Rfc2 Rd7 35.Rxd7 Nxd7 36.Rc7 Nf8 37.Kf2 Kg8
38.Ke3 g5 39.f5 exf5 40.gxf5 Re8 41.Nc6 a4 42.d4 b3 43.axb3 axb3 44.Ne7+  1-0

[Event "Montpellier Masters op"]
[Site "Montpellier"]
[Date "1997.??.??"]
[Round "1"]
[White "Carpentier, Pierre"]
[Black "Dizdar, Goran"]
[Result "0-1"]
[WhiteElo "2545"]
[BlackElo "2200"]

1.e4 e6 2.d4 d5 3.Nc3 Nf6 4.e5 Nfd7 5.f4 c5 6.Nf3 Nc6 7.Be3 a6 8.Qd2 cxd4
9.Nxd4 Bc5 10.O-O-O O-O 11.Nce2 Qe7 12.g3 Nb6 13.Nxc6 bxc6 14.Nd4 Na4 15.c3 Ba3
16.bxa3 Qxa3+ 17.Kc2 Rb8 18.Kd3 c5 19.Nc2 Qxa2 20.Ke2 Rb2 21.Rc1 d4 22.cxd4 Bb7
23.Rg1 Be4 24.Kd1 Qb3 25.Rg2 Rd8 26.Qa5 Rc8 27.Qxa6 Ra8  0-1

[Event "Kasparov Cup"]
[Site "Moscow"]
[Date "1997.??.??"]
[Round "?"]
[White "Danilovic, Alexander"]
[Black "Kobylkin, Evgeni"]
[Result "1/2-1/2"]
[WhiteElo "2225"]
[BlackElo "2385"]

1.e4 e6 2.d4 d5 3.Nc3 Nf6 4.e5 Nfd7 5.f4 c5 6.Nf3 Nc6 7.Be3 a6 8.Qd2 cxd4
9.Nxd4 Bc5 10.Be2 Nxd4 11.Bxd4 Bxd4 12.Qxd4 Qb6 13.O-O-O Qxd4 14.Rxd4 Ke7
15.h4 Nc5 16.b4 Nd7 17.a4 b6 18.Rh3 Bb7 19.Rg3 g6 20.Rgd3 a5 21.Nb5 axb4
22.Rxb4 Ba6 23.Ra3 Rhc8 24.a5 bxa5 25.Rxa5 Rcb8 26.Nd4 Rxb4 27.Nc6+ Kf8 28.Nxb4 Bb7
29.Rb5 Rb8 30.Bf3 Ba6 31.Rxb8+ Nxb8 32.Nxa6 Nxa6 33.Kd2 Ke7 34.Ke3 f6 35.Be2 Nb4
36.c3 Nc6 37.exf6+ Kxf6 38.c4 dxc4 39.Bxc4 h5 40.Bb5 Ne7 41.g3 Nf5+ 42.Kd2 Nd4  1/2-1/2

[Event "JUG-chT"]
[Site "Niksic"]
[Date "1997.??.??"]
[Round "1"]
[White "Miladinovic, Igor"]
[Black "Kosic, Dragan"]
[Result "1/2-1/2"]
[WhiteElo "2500"]
[BlackElo "2510"]

1.d4 e6 2.e4 d5 3.Nc3 Nf6 4.e5 Nfd7 5.f4 c5 6.Nf3 Nc6 7.Be3 a6 8.Qd2 b5 9.Qf2 Qb6
10.Bd3 cxd4 11.Nxd4 Bc5 12.Nce2 b4 13.c3 a5 14.O-O Ba6 15.Bxa6 Rxa6 16.Rac1 O-O
17.cxb4 Nxb4 18.Rxc5 Nxc5 19.Nb3 Nbd3 20.Bxc5 Nxf2 21.Bxb6 Rxb6 22.Kxf2 a4
23.Nc5 Rxb2 24.Nxa4 Rxa2 25.Nc3 Ra3 26.Ke3  1/2-1/2

[Event "JUG-chT"]
[Site "Niksic"]
[Date "1997.??.??"]
[Round "4"]
[White "Marjanovic, Miroslav"]
[Black "Stamenkovic, Zoran"]
[Result "1/2-1/2"]
[WhiteElo "2110"]
[BlackElo "2425"]

1.e4 e6 2.d4 d5 3.Nc3 Nf6 4.e5 Nfd7 5.f4 c5 6.Nf3 Nc6 7.Be3 a6 8.Qd2 b5 9.Qf2 Qb6
10.Bd3 cxd4 11.Nxd4 Nxd4 12.Bxd4 Bc5 13.Ne2 Bxd4 14.Nxd4 Nc5 15.O-O Nb7  1/2-1/2

[Event "JUG-chT"]
[Site "Niksic"]
[Date "1997.??.??"]
[Round "7"]
[White "Vukovic, Zdravko"]
[Black "Guzijan, Miodrag"]
[Result "1-0"]
[WhiteElo "2410"]
[BlackElo "2325"]

1.e4 e6 2.d4 d5 3.Nc3 Nf6 4.e5 Nfd7 5.f4 c5 6.Nf3 Nc6 7.Ne2 Qb6 8.c3 f6 9.a3 Be7
10.b4 cxd4 11.Nexd4 Nxd4 12.cxd4 O-O 13.Be3 fxe5 14.fxe5 Rf7 15.Bd3 Nf8 16.b5 a6
17.a4 Qa5+ 18.Bd2 Bb4 19.Bxb4 Qxb4+ 20.Qd2 Qxd2+ 21.Kxd2 Bd7 22.Rhc1 Be8
23.bxa6 bxa6 24.a5 Rb7 25.Rab1 Bb5 26.Rc3 h6 27.Rcb3 Rba7 28.Ne1 Nd7 29.Rc3 Kf7
30.Nc2 Ke8 31.Nb4 Rb7 32.Bxb5 Rxb5 33.Nxa6 Rxb1 34.Nc7+ Ke7 35.Nxa8 Rb5 36.Rc7 Kd8
37.a6 Rb2+ 38.Ke3 Rxg2 39.a7 Ra2 40.Kf4 g6 41.h4 Rf2+ 42.Ke3 Ra2 43.Kd3 Ra3+
44.Kc2 g5 45.hxg5 hxg5 46.Kd2 g4 47.Rxd7+ Kxd7 48.Nb6+ Kc6 49.a8=Q+ Rxa8
50.Nxa8 Kb7 51.Ke3 Kxa8 52.Kf4 g3 53.Kxg3 Kb7 54.Kg4 Kc6 55.Kg5 Kb5 56.Kf6 Kc4
57.Kxe6 Kxd4 58.Kd6 Kc4 59.e6  1-0

[Event "JUG-chT (Women)"]
[Site "Niksic"]
[Date "1997.??.??"]
[Round "8"]
[White "Maric, Mirjana"]
[Black "Boskovic, Malina"]
[Result "1-0"]
[WhiteElo "2305"]
[BlackElo "2065"]

1.e4 e6 2.d4 d5 3.Nc3 Nf6 4.e5 Nfd7 5.f4 c5 6.Nf3 Nc6 7.Be3 cxd4 8.Nxd4 a6
9.Qg4 Nxd4 10.Bxd4 b5 11.Bd3 Qc7 12.O-O g6 13.Qg5 Be7 14.Qh6 Bf8 15.Qh4 Bc5
16.Ne2 Be7 17.Qg3 Nc5 18.Rac1 Bd7 19.f5 Nxd3 20.cxd3 Qa5 21.f6 Bd8 22.Qe3 h5
23.Bc5 b4 24.a3 bxa3 25.bxa3 Bb5 26.Nf4 Kd7 27.Kh1 Qa4 28.Bb4 a5 29.Qc5  1-0

[Event "Nova Gorica op"]
[Site "Nova Gorica"]
[Date "1997.??.??"]
[Round "7"]
[White "Vombek, Dani"]
[Black "Skok, Joze"]
[Result "1-0"]
[WhiteElo "2300"]
[BlackElo "2125"]

1.e4 e6 2.d4 d5 3.Nc3 Nf6 4.e5 Nfd7 5.f4 c5 6.Nf3 Nc6 7.Be3 Qa5 8.Qd2 Be7
9.Nb5 Qd8 10.dxc5 Nxc5 11.O-O-O a6 12.Nbd4 O-O 13.h4 Ne4 14.Qe1 Nb4 15.a3 Nc6
16.Ng5 Nxd4 17.Bxd4 Nxg5 18.hxg5 f6 19.gxf6 gxf6 20.Qg3+ Kh8 21.exf6 Bxf6
22.Rxh7+ Kxh7 23.Bd3+  1-0

[Event "Pula op"]
[Site "Pula"]
[Date "1997.??.??"]
[Round "2"]
[White "Balinov, Ilija"]
[Black "Sprecic, Mustafa"]
[Result "0-1"]
[WhiteElo "2570"]
[BlackElo "2330"]

1.e4 e6 2.d4 d5 3.Nc3 Nf6 4.e5 Nfd7 5.f4 c5 6.Nf3 Nc6 7.Be3 Be7 8.Qd2 a6
9.dxc5 Nxc5 10.Qf2 Qa5 11.Bd3 Nb4 12.Ke2 Bd7 13.a3 Nbxd3 14.cxd3 Na4 15.Rhc1 Rc8
16.b4 Nxc3+ 17.Rxc3 Qa4 18.Rxc8+ Bxc8 19.Rc1 Bd7 20.Rc3 a5 21.Bc5 axb4 22.axb4 Qa2+
23.Nd2 Bd8 24.Qe1 Qb2 25.Qc1 Qxc1 26.Rxc1 f6 27.Nf3 Kf7 28.Ke3 h6 29.g3 Bc7
30.Ba7 Rc8 31.Bd4 fxe5 32.fxe5 Bd8 33.Rxc8 Bxc8 34.Bc5 Bd7 35.h4 Ba4 36.Kd2 Bc7
37.Be3 Kg6 38.Bf4 Kh5 39.Nd4 Bd7 40.Nf3 Kg4 41.Nh2+ Kh3 42.Nf3 Bb6 43.d4 Be8
44.Ke3 Bh5 45.Ne1 Kg4 46.Kd3 Bg6+ 47.Kc3 Be4 48.Nd3 Bxd3 49.Kxd3 Kf3 50.b5 Ba5
51.h5 b6 52.Bc1 Bb4 53.Bf4 Be7  0-1

[Event "Pula op"]
[Site "Pula"]
[Date "1997.??.??"]
[Round "3"]
[White "Kutuzovic, Branko"]
[Black "Dizdar, Goran"]
[Result "1/2-1/2"]
[WhiteElo "2395"]
[BlackElo "2550"]

1.e4 e6 2.d4 d5 3.Nc3 Nf6 4.e5 Nfd7 5.f4 c5 6.Nf3 Nc6 7.Be3 a6 8.Qd2 cxd4
9.Nxd4 Bc5 10.O-O-O O-O 11.h4 Nxd4 12.Bxd4 b5 13.Rh3 Qb6 14.Qe3 Bxd4 15.Qxd4 Qxd4
16.Rxd4 Nb8 17.Rd1 Nc6 18.Ne2 b4 19.Nd4 Bd7 20.Re3 a5 21.Kb1 Rfc8 22.a3 Rcb8
23.Nxc6 Bxc6 24.Rd4 Rb7 25.axb4 axb4 26.Be2 Kf8 27.b3 Ke7 28.Kb2 Kd7 29.g4 Re8
30.Bd3 Ke7 31.h5 h6 32.f5 f6 33.exf6+ Kxf6 34.fxe6 Rxe6 35.Rf3+ Ke5 36.Rff4 Rf6
37.Bf5 Bd7 38.Rxb4 Rxb4 39.Rxb4 Bxf5 40.gxf5 Rxf5 41.Rg4 Kf6 42.Rh4 g6  1/2-1/2

[Event "EU-chT (Men)"]
[Site "Pula"]
[Date "1997.??.??"]
[Round "3"]
[White "Sutovskij, Emil"]
[Black "Dizdar, Goran"]
[Result "1-0"]
[WhiteElo "2560"]
[BlackElo "2550"]

1.e4 e6 2.d4 d5 3.Nc3 Nf6 4.e5 Nfd7 5.f4 c5 6.Nf3 Nc6 7.Be3 a6 8.Qd2 cxd4
9.Nxd4 Bc5 10.O-O-O O-O 11.h4 Nxd4 12.Bxd4 b5 13.h5 Qb6 14.g4 Bxd4 15.Qxd4 Qxd4
16.Rxd4 h6 17.a4 bxa4 18.Nxa4 Bb7 19.Rh3 Bc6 20.Rc3 Bb5 21.Bxb5 axb5 22.Nc5 Nb6
23.b3 Ra1+ 24.Kd2 Rg1 25.f5 Rc8 26.Ne4 Rxc3 27.Nxc3 Nd7 28.Nxb5 Nxe5 29.Ra4 Rxg4
30.Ra8+ Kh7 31.fxe6 fxe6 32.Nc7 Nf3+ 33.Kd3 Ne5+ 34.Kc3 Rg3+ 35.Kb2 Rh3 36.Nxe6 Rxh5
37.Ra7 Kg6 38.Nf4+  1-0

[Event "EU-chT (Women)"]
[Site "Pula"]
[Date "1997.??.??"]
[Round "7"]
[White "Brustman, Agnieszka"]
[Black "Hagarova, Zuzana"]
[Result "1/2-1/2"]
[WhiteElo "2415"]
[BlackElo "2275"]

1.e4 e6 2.d4 d5 3.Nc3 Nf6 4.e5 Nfd7 5.f4 c5 6.Nf3 Nc6 7.Be3 a6 8.Qd2 b5 9.dxc5 Bxc5
10.Bxc5 Nxc5 11.Qf2 Qb6 12.Bd3 b4 13.Ne2 a5 14.O-O Ba6 15.Kh1 Bxd3 16.cxd3 Qb5
17.f5 Nxd3 18.Qg3 Nxb2 19.fxe6 O-O 20.Nf4 fxe6 21.Nxe6 Rf7 22.Neg5 Re7 23.e6 h6
24.Qf2 Nd3 25.Qg3 Rae8 26.Qh3 d4 27.Qh5 Nf4 28.Qf7+ Rxf7 29.exf7+ Kf8 30.fxe8=Q+ Kxe8
31.Ne4 Kd7 32.Nxd4 Nxd4 33.Rxf4 Qe5 34.Raf1 Kc6 35.Ng3 h5 36.Re4 Qc5 37.Rd1 Nf5
38.Nxf5 Qxf5 39.Rc4+ Kb5 40.Rcd4 Qg6 41.Rd6 Qc2 42.R6d2 Qc4 43.h3 Ka4 44.Rf2 g5
45.Rf5 Qxa2 46.Rxg5 Kb3 47.Rg3+ Kc2 48.Rf1 Qc4 49.Rgf3 b3 50.R3f2+ Kd3 51.Rf3+ Ke2
52.R3f2+  1/2-1/2

[Event "Saratoga Springs op"]
[Site "Saratoga"]
[Date "1997.??.??"]
[Round "5"]
[White "Jackson, R."]
[Black "Schneider, Dmitry"]
[Result "1/2-1/2"]
[WhiteElo "2200"]
[BlackElo "2255"]

1.e4 e6 2.d4 d5 3.Nc3 Nf6 4.e5 Nfd7 5.f4 c5 6.Nf3 Nc6 7.Be3 cxd4 8.Nxd4 Bc5
9.Qd2 Nxd4 10.Bxd4 Bxd4 11.Qxd4 Qb6 12.Nb5 Qxd4 13.Nxd4 Ke7 14.O-O-O g6 15.Bd3 h5
16.g3 Nc5 17.h3 Bd7 18.Kd2 Rag8 19.g4 g5 20.f5 hxg4 21.hxg4 Rh4 22.Rhg1 Rh3
23.Rdf1 Rh2+ 24.Ke3 Rh3+ 25.Rf3 Rxf3+ 26.Kxf3 Bc6 27.Ke3 Nd7 28.Nf3 d4+ 29.Nxd4 Nxe5
30.b3 Rh8 31.Nxc6+ Nxc6 32.fxe6 fxe6 33.Be4 Rh3+ 34.Kf2  1/2-1/2

[Event "RUS-Cup8"]
[Site "Smolensk"]
[Date "1997.??.??"]
[Round "2"]
[White "Komissarov, I."]
[Black "Tsiganov, Igor M"]
[Result "1-0"]
[WhiteElo "2320"]
[BlackElo "2255"]

1.e4 e6 2.d4 d5 3.Nc3 Nf6 4.e5 Nfd7 5.f4 c5 6.Nf3 Nc6 7.Be3 cxd4 8.Nxd4 Be7
9.Qg4 g6 10.O-O-O a6 11.h4 Nxd4 12.Bxd4 h5 13.Qg3 Qa5 14.Bd3 Nc5 15.Qe3 Bd7
16.Kb1 Nxd3 17.Rxd3 Rc8 18.a3 Qc7 19.Rc1 b5 20.Nxd5 exd5 21.e6 Bxe6 22.Bxh8 Qb7
23.g3 a5 24.Rc3 Ra8 25.Be5 b4 26.Rc7 Qb5 27.f5 d4 28.Rxe7+ Kxe7 29.Qg5+  1-0

[Event "Split"]
[Site "Split"]
[Date "1997.??.??"]
[Round "?"]
[White "Rogulj, Branko"]
[Black "Samovojska, Damir"]
[Result "0-1"]
[WhiteElo "2425"]
[BlackElo "2345"]

1.e4 e6 2.d4 d5 3.Nc3 Nf6 4.e5 Ne4 5.Nxe4 dxe4 6.Bc4 a6 7.a4 b6 8.Nh3 Bb7
9.Nf4 Be7 10.Nh5 Rg8 11.Qg4 Qxd4 12.Bxe6 fxe6 13.Nxg7+ Rxg7 14.Qxg7 Nd7 15.Bg5 Bxg5
16.Qg8+ Nf8 17.Qxg5 Ng6 18.Rd1 Qxe5 19.Qd2 Qg7 20.Qg5 Qe7 21.Qg3 Rd8 22.O-O Rd5
23.Rxd5 exd5 24.c3 Ne5 25.f4 Nd7 26.Qg8+ Nf8 27.f5 Qf6 28.a5 bxa5 29.Kh1 h6
30.Qg3 Kd7 31.Qe3 Kc8 32.Qc5 a4 33.Qb4 Nd7 34.Qxa4 Kd8 35.h3 c5 36.Rd1 Qxf5
37.b4 e3 38.bxc5 e2 39.Rg1 d4 40.c6 Ba8 41.Qxa6 Bxc6 42.Qxc6 d3 43.Qxh6 Qf2
44.Qg5+ Kc7 45.Qd2 Nc5 46.c4 Kd6 47.Qc3 Ke6 48.Qa5 Kf5 49.Qc3 Ke4 50.Qa5 Qd4
51.Qe1 Qf6 52.Qa5 Qd4 53.Qe1 Qf6 54.Qa5 Qf8 55.Qc3 Qf2 56.Qa5 Qf8 57.Qc3 Qf5
58.Qe1 Kd4 59.Qa1+ Ke3 60.Qc1+ d2 61.Qc3+ Nd3  0-1

[Event "St Heliers op"]
[Site "St Heliers"]
[Date "1997.??.??"]
[Round "2"]
[White "McKenna, Jason"]
[Black "Lalic, Susan"]
[Result "1/2-1/2"]
[WhiteElo "2105"]
[BlackElo "2405"]

1.e4 e6 2.d4 d5 3.Nc3 Nf6 4.e5 Nfd7 5.f4 c5 6.Nf3 Nc6 7.Be3 a6 8.Qd2 b5 9.dxc5 Bxc5
10.Qf2 Qb6 11.Bxc5 Qxc5 12.Bd3 Bb7 13.O-O O-O 14.Ne2 Qxf2+ 15.Rxf2 f6 16.Ned4 Nxd4
17.Nxd4 fxe5 18.fxe5 Rxf2 19.Kxf2 Kf7 20.Re1 g6 21.Re3 Ke7 22.Ke2 Rf8 23.c3 Rf4
24.g3 Rf8 25.Nf3 Nb6 26.Ng5 b4 27.Rf3 Rxf3 28.Nxf3 bxc3 29.bxc3 Na4 30.Kd2 a5
31.h4 Bc8 32.Ng5 h6 33.Nh3 Nb6 34.Ke3 Nd7 35.Kd4 Nb8 36.Bb5 Bd7 37.Kc5 Bxb5
38.Kxb5 Nd7 39.Kxa5 Nxe5 40.Kb5 Kd6 41.a4 Nc4 42.Nf4 g5 43.hxg5 hxg5 44.Nh3 g4
45.Nf2 Na3+ 46.Kb6 Nc4+ 47.Kb5 Na3+  1/2-1/2

[Event "St Heliers op"]
[Site "St Heliers"]
[Date "1997.??.??"]
[Round "4"]
[White "McKenna, Jason"]
[Black "Hirmann, Peter"]
[Result "1-0"]
[WhiteElo "2105"]
[BlackElo "2060"]

1.e4 e6 2.d4 d5 3.Nc3 Nf6 4.e5 Nfd7 5.f4 c5 6.Nf3 Nc6 7.Be3 cxd4 8.Nxd4 a6
9.Qd2 Nxd4 10.Bxd4 Bc5 11.O-O-O Bxd4 12.Qxd4 Qb6 13.Qxb6 Nxb6 14.Bd3 Nd7
15.Ne2 Nc5 16.Nd4 Nxd3+ 17.Rxd3 g6 18.g4 Bd7 19.Re1 Ke7 20.Ree3 h5 21.g5 Rhc8
22.Rc3 Kd8 23.Kd2 Rxc3 24.Rxc3 Rc8 25.Rxc8+ Kxc8 26.Kc3 Kc7 27.Kb4 b6 28.b3 Bc8
29.Kc3 Bd7 30.a4 Be8 31.Ne2 Bc6 32.Kd4 Kd7 33.h4 Kc7 34.f5 exf5 35.e6 fxe6
36.Ke5 Be8 37.Kxe6 Kd8 38.Nf4 d4 39.Ne2 b5 40.a5 Bd7+ 41.Kf6 Be8 42.Nxd4 Kd7
43.Ne6 Kd6 44.b4 Kd7 45.Nc5+ Kd6 46.Nxa6 f4 47.Nc5 Kd5 48.Nd3 f3 49.a6 Kc6
50.Ne5+ Kb6 51.Nxf3 Kxa6 52.Ne5  1-0

[Event "St Heliers op"]
[Site "St Heliers"]
[Date "1997.??.??"]
[Round "6"]
[White "Smith, Andrew Philip"]
[Black "Benson, Paul J"]
[Result "1-0"]
[WhiteElo "2260"]
[BlackElo "2010"]

1.e4 e6 2.d4 d5 3.Nc3 Nf6 4.e5 Nfd7 5.Qh5 c5 6.Nf3 cxd4 7.Nxd4 g6 8.Qg4 Nxe5
9.Qg3 Bg7 10.Bf4 Nbc6 11.Nxc6 Nxc6 12.Bc7 Qf6 13.Bd6 a6 14.O-O-O Ne7 15.Bc5 Bh6+
16.Kb1 Bf4 17.Qg4 Be5 18.Qa4+ Bd7 19.Qa3 b6 20.Bd6 Bxd6 21.Qxd6 Nf5 22.Qxb6 Qd8
23.Qb4 Qe7 24.Qf4 O-O 25.g4 Nh4 26.Qe5 Bc6 27.Bd3 f6 28.Qg3 g5 29.f4 h6 30.Rhe1 Rfd8
31.Bf5 Nxf5 32.gxf5 Rd6 33.fxg5 hxg5 34.h4 d4 35.hxg5 fxg5 36.f6 Qf8  1-0

[Event "SVK-chT 9697"]
[Site "SVK"]
[Date "1997.??.??"]
[Round "3"]
[White "Betko, Lubomir"]
[Black "Cibulka, Vladimir"]
[Result "1/2-1/2"]
[WhiteElo "2225"]
[BlackElo "2305"]

1.e4 e6 2.d4 d5 3.Nc3 Nf6 4.e5 Nfd7 5.f4 c5 6.Nf3 Nc6 7.Be3 cxd4 8.Nxd4 Qb6
9.Qd2 Nxd4 10.Bxd4 Bc5 11.Na4 Qc6 12.Nxc5 Nxc5 13.Qb4 Na6 14.Qa3 Bd7 15.Bd3 Qa4
16.Qxa4 Bxa4 17.c3 Nc7 18.Kd2 Bb5 19.Bc2 Bc6 20.a4 O-O 21.g4 f6 22.Rhe1 fxe5
23.Bxe5 Ne8 24.g5 Rd8 25.Ke3 Nd6 26.Bxd6 Rxd6 27.Kd4 Rd7 28.Rf1 g6 29.Rad1 b6
30.h4 Kg7 31.Ke5 Rfd8 32.Rd4 a5 33.Bd3 Rf8 34.Rh1 Rdd8 35.h5 Be8 36.hxg6 Bxg6
37.Bb5 Kf7 38.Bd3 Kg7 39.Bb5 Kf7 40.Rh6 Ke7 41.Bd3 Rf7 42.f5 Bxf5 43.Rf6 Rxf6
44.gxf6+ Kf7 45.Bxf5 exf5 46.Kxf5 Rd6 47.Ke5 Rxf6 48.Rxd5 h5 49.Rd8 Rh6 50.Kf5 Ke7
51.Rd5 h4 52.Kg5 Rh8 53.Rd2 h3 54.Rh2 Kd6 55.Kf4 Kd5 56.b3 Rh6 57.Rd2+ Kc5
58.Rh2 Rh8 59.Ke4 Rh4+ 60.Kf3 Kd5 61.Kg3 Rh5 62.Rd2+ Kc5 63.Kh2 Rd5 64.Rf2 Rd3
65.Rf5+  1/2-1/2

[Event "EST-ch (Women)"]
[Site "Tallinn"]
[Date "1997.??.??"]
[Round "7"]
[White "Fomina, Tatyana"]
[Black "Paidla, Kaja J"]
[Result "1-0"]
[WhiteElo "2265"]
[BlackElo "2100"]

1.d4 Nf6 2.Nc3 e6 3.e4 d5 4.e5 Nfd7 5.Nf3 c5 6.Bb5 a6 7.Bxd7+ Bxd7 8.O-O cxd4
9.Qxd4 Nc6 10.Qf4 h6 11.Ne2 g5 12.Qe3 Be7 13.c3 Qc7 14.h3 O-O-O 15.Ned4 Rdg8
16.Nxc6 Bxc6 17.Nd4 Be8 18.g4 h5 19.f3 Rh7 20.Kg2 Rf8 21.Rh1 hxg4 22.fxg4 Kb8
23.Bd2 Rg7 24.b4 Qc4 25.Rhf1 Bd8 26.a4 Bb6 27.b5 axb5 28.axb5 Bxb5 29.Rfb1 Bxd4
30.cxd4 Qe2+ 31.Qxe2 Bxe2 32.Rb6 Rc8 33.Bb4 Kc7 34.Ba5 Bc4 35.Rab1 Kd7 36.Rxb7+ Ke8
37.Bb4 Ra8 38.Bc5 Ba6 39.Rc7 Bc8 40.Re7+ Kd8 41.Rf1 Ra2+ 42.Kg3 Rc2 43.Rexf7 Rxf7
44.Rxf7 Rc3+ 45.Kg2 Rc2+ 46.Kg1 Rc1+ 47.Kf2 Rc2+ 48.Ke1 Rc3 49.Rh7 Rd3 50.Kf2 Ba6
51.Be7+ Ke8 52.Bxg5 Rxd4 53.Re7+ Kf8 54.Rxe6 Re4 55.Rxa6  1-0